00337 a2200145 4500003000400000005001700004008004100021020001800062040000900080082001500089100001500104245003000119260003300149300000900182OSt20240108155933.0240108b |||||||| |||| 00| 0 eng d a9789382581222 coclc a297bAKB/D aAkbar, M M aDaivamundo ? /cM M Akbar aKerala:bDa'wa books,c2018. a206p